000 00377nam a2200121Ia 4500
008 220214s9999 xx 000 0 und d
100 _aNair VKB
245 4 _aThe Experiment station of the Rubber Research Institute of India, Kottayam
260 _bPamphlet published by RRII, Kottayam
300 _a6p
520 _aFiled in RUBBER BOARD FILE in Wooden cupboard
942 _cRE
999 _c46351
_d46351